Music Quiz

Random Music or Sporcle Quiz

Bands' Best Known Songs on Sporcle Quiz Stats

 Plays Quiz Updated Aug 23, 2017

Also try: Sporcle is #1
Challenge
Share
Tweet
Embed
Score 0/20 Timer 06:00
3 Plays Today
Band Song % Correct
NirvanaSmells Like Teen Spirit
73.5%
AC/DCBack In Black
71.4%
QueenBohemian Rhapsody
71%
Led ZeppelinStairway to Heaven
70.6%
The Jackson 5ABC
64%
Guns N' RosesWelcome to The Jungle
51.2%
Green DayAmerican Idiot
50.2%
R.E.M.Losing My Religion
48.5%
AerosmithWalk This Way
47.8%
RadioheadCreep
46.9%
Band Song % Correct
Beastie BoysFight for Your Right
45.2%
The PoliceRoxanne
44%
Red Hot Chili PeppersCalifornication
36.2%
The BeatlesHelp!
27.9%
Pink FloydWish You Were Here
27.1%
EaglesDoolin-Dalton/Desperado (Reprise)
25.8%
Iron MaidenThe Number of the Beast
23.6%
The Rolling StonesSympathy for the Devil
23.1%
MetallicaMaster of Puppets
22.6%
KISSLove Gun
12.5%

You're not logged in!

Compare scores with friends on all Sporcle quizzes.
Join for Free
OR
Log In

You Might Also Like...

Show Comments

Extras

Top Quizzes Today


Score Distribution

Your Account Isn't Verified!

In order to create a playlist on Sporcle, you need to verify the email address you used during registration. Go to your Sporcle Settings to finish the process.

Report this User

Report this user for behavior that violates our Community Guidelines.

Details: